Kreditkurven 1990.

Ekonomická situácia bánk po menovej únii a zjednotení Nemecka. Vývoj situácie v množstve peňazí a vzájomná súvislosť bilancií. Vývoj krátko-, stredno- a dlhodobých úverov v r. 1988-1990. Prierez úrokovými sadzbami v r. 1988-1990. Tendencie v dĺžke doby, na ktorú je poskytovaný úver.

Salvato in:
Dettagli Bibliografici
Natura: Capitolo di libro
Lingua:tedesco
Soggetti:
Tags: Aggiungi Tag
Nessun Tag, puoi essere il primo ad aggiungerne!!

MARC

LEADER 00000naa a2200000 4500
001 r003968
005 20221130103532.6
041 0 |a ger 
044 |a DE 
245 1 0 |a Kreditkurven 1990. 
520 |a Ekonomická situácia bánk po menovej únii a zjednotení Nemecka. Vývoj situácie v množstve peňazí a vzájomná súvislosť bilancií. Vývoj krátko-, stredno- a dlhodobých úverov v r. 1988-1990. Prierez úrokovými sadzbami v r. 1988-1990. Tendencie v dĺžke doby, na ktorú je poskytovaný úver. 
610 2 0 |a úver 
610 2 0 |a banky 
610 2 0 |a Nemecko 
610 2 0 |a peniaze 
610 2 0 |a bilancia finančná 
610 2 0 |a 1988-1990 
610 2 0 |a sadzby úrokové